<?xml version="1.0" encoding="UTF-8"?>
<record
    xmlns:xsi="http://www.w3.org/2001/XMLSchema-instance"
    xsi:schemaLocation="http://www.loc.gov/MARC21/slim http://www.loc.gov/standards/marcxml/schema/MARC21slim.xsd"
    xmlns="http://www.loc.gov/MARC21/slim">

  <leader>00527nam a2200169Ia 4500</leader>
  <controlfield tag="008">230125s9999    xx            000 0 und d</controlfield>
  <datafield tag="041" ind1=" " ind2=" ">
    <subfield code="a">eng</subfield>
  </datafield>
  <datafield tag="082" ind1=" " ind2=" ">
    <subfield code="a">659.2</subfield>
    <subfield code="b">OGI</subfield>
  </datafield>
  <datafield tag="100" ind1=" " ind2=" ">
    <subfield code="a">Ogilvy D</subfield>
    <subfield code="9">111808</subfield>
  </datafield>
  <datafield tag="245" ind1=" " ind2=" ">
    <subfield code="a">The Unpublished David Ogilvy</subfield>
    <subfield code="b">His Secrets of Management, Creativity, and Success - From Private Papers and Public Fulminations</subfield>
  </datafield>
  <datafield tag="260" ind1=" " ind2=" ">
    <subfield code="c">1995</subfield>
    <subfield code="b">Rupa &amp; Co. Publisher</subfield>
    <subfield code="a">Calcutta</subfield>
  </datafield>
  <datafield tag="300" ind1=" " ind2=" ">
    <subfield code="a">178p</subfield>
  </datafield>
  <datafield tag="500" ind1=" " ind2=" ">
    <subfield code="a">Public relation;PR</subfield>
  </datafield>
  <datafield tag="650" ind1=" " ind2=" ">
    <subfield code="a">Management</subfield>
  </datafield>
  <datafield tag="700" ind1=" " ind2=" ">
    <subfield code="a">Ogilvy D</subfield>
    <subfield code="9">111808</subfield>
  </datafield>
  <datafield tag="999" ind1=" " ind2=" ">
    <subfield code="c">90810</subfield>
    <subfield code="d">90810</subfield>
  </datafield>
  <datafield tag="952" ind1=" " ind2=" ">
    <subfield code="0">0</subfield>
    <subfield code="1">0</subfield>
    <subfield code="4">0</subfield>
    <subfield code="7">0</subfield>
    <subfield code="a">HIMR</subfield>
    <subfield code="b">HIMR</subfield>
    <subfield code="d">1997-10-23</subfield>
    <subfield code="e">Popular Book House</subfield>
    <subfield code="g">95.00</subfield>
    <subfield code="l">1</subfield>
    <subfield code="o">659.2 OGI B00627</subfield>
    <subfield code="p">HIMR-BK-627</subfield>
    <subfield code="r">2024-02-20 00:00:00</subfield>
    <subfield code="s">2024-02-13</subfield>
    <subfield code="v">95.00</subfield>
    <subfield code="w">1997-10-23</subfield>
    <subfield code="y">BK</subfield>
    <subfield code="z">B00627</subfield>
  </datafield>
</record>
